000
00359nam a2200157Ia 4500
000
00746ngmaa2200277 a 4500
003
RNL
006
g||||fr|||| a0| fz
007
hj bfb|||baap
008
090707b ii f a fnsan d
040
_a
eng
100
_a
Suneja,Chandra Mohan
245
_a
Manto Dian Pachchi Kahanian
260
_c
2016
942
_c
BK
999
_c
27215
_d
27215